[Event "Bad Griesbach Senioren op 2011 14th"]
[Site "Bad Griesbach (4.12.-10.12)"]
[Date "2011.12.05"]
[Round "2.5"]
[White "Erhard, Walter sr(45)"]
[Black "Aigner, Georg"]
[Result "0-1"]
[WhiteElo "1263"]
[BlackElo "1858"]
[PlyCount "112"]
[EventDate "2011.12.??"]
[EventType "swiss"]
[EventRounds "7"]
[EventCountry "GER"]
[WhiteTeam "Regensburg Bavaria SC"]
[BlackTeam "Dietfurt TSV"]

1. d4 Nf6 2. c4 e6 3. Nf3 d5 4. g3 Be7 5. Bg2 Nbd7 6. Nbd2 c6 7. b3 O-O 8. O-O
Ne4 9. Bb2 f5 10. cxd5 exd5 11. e3 Ndf6 12. Ne5 Bd6 13. Nd3 Ng4 14. Nf3 Qe8 15.
Rc1 Qh5 16. Qe2 Ng5 17. Nh4 Qh6 18. Ne1 Ne4 19. f4 Bd7 20. Nd3 Rae8 21. Ne5
Bxe5 22. dxe5 g5 23. Nf3 Nxh2 24. Nxh2 Nxg3 25. Qf3 Nxf1 26. Nxf1 g4 27. Qd1
Be6 28. Bc3 c5 29. Be1 b6 30. Qe2 Rd8 31. Bg3 Rd7 32. a3 Qg7 33. Qd2 Qe7 34. b4
c4 35. Qe1 Qd8 36. Bh4 Qc8 37. Bf6 Rff7 38. Qh4 Rc7 39. Rc3 Kf8 40. Qh6+ Ke8
41. Qg5 Qd7 42. Qh4 d4 43. Rc1 d3 44. Qe1 h5 45. Qd2 Rh7 46. Bh4 Kf7 47. Qc3
Kg6 48. Nd2 b5 49. Kf2 Rf7 50. Bf6 Rf8 51. Bh4 Bd5 52. Bf1 Be4 53. Kg3 Qc6 54.
Kf2 Kh7 55. Kg3 Rg8 56. Kf2 g3+ 0-1

[Event "Bad Griesbach Senioren op 2011 14th"]
[Site "Bad Griesbach (4.12.-10.12)"]
[Date "2011.12.05"]
[Round "2.6"]
[White "Wawrinsky, Ludwig"]
[Black "Klimpel, Siegfried"]
[Result "1-0"]
[WhiteElo "1749"]
[BlackElo "1677"]
[PlyCount "89"]
[EventDate "2011.12.??"]
[EventType "swiss"]
[EventRounds "7"]
[EventCountry "GER"]
[WhiteTeam "Neuperlach SK"]
[BlackTeam "Kareth-Lappersdorf TSV"]

1. e4 e6 2. d4 d5 3. e5 c5 4. c3 Bd7 5. Nf3 Qb6 6. Be2 Bb5 7. O-O Bxe2 8. Qxe2
Nc6 9. Be3 cxd4 10. cxd4 Nge7 11. g4 Ng6 12. Nc3 Be7 13. Na4 Qa5 14. Nc3 a6 15.
a3 Nh4 16. Nxh4 Bxh4 17. b4 Qd8 18. Rac1 O-O 19. Na4 f5 20. Nc5 Qe7 21. Kh1 f4
22. Bd2 Nxd4 23. Qd3 Nc6 24. Rce1 a5 25. Qb5 axb4 26. Nxb7 Rfc8 27. Nd6 Rc7 28.
Bxf4 Rb8 29. Qd3 b3 30. Rb1 g5 31. Bg3 Bxg3 32. Qxg3 Na5 33. a4 Rb4 34. Nb5
Rcc4 35. h3 Qc5 36. Nd6 Rc3 37. Qh2 b2 38. h4 Rxg4 39. hxg5 Qb4 40. f3 Qb3 41.
Rxb2 Rxf3 42. Rfb1 Rgg3 43. Rxb3 Nxb3 44. a5 Nc5 45. Rb8+ 1-0

[Event "Bad Griesbach Senioren op 2011 14th"]
[Site "Bad Griesbach (4.12.-10.12)"]
[Date "2011.12.05"]
[Round "2.7"]
[White "Kugelmann, Werner"]
[Black "Krase, Peter-Axel"]
[Result "1-0"]
[WhiteElo "2090"]
[BlackElo "1694"]
[PlyCount "81"]
[EventDate "2011.12.??"]
[EventType "swiss"]
[EventRounds "7"]
[EventCountry "GER"]
[WhiteTeam "Wertingen TSV"]
[BlackTeam "Kareth-Lappersdorf TSV"]

1. e4 c5 2. Nf3 Nc6 3. d4 cxd4 4. Nxd4 Nf6 5. Nc3 e5 6. Ndb5 d6 7. Bg5 a6 8.
Na3 b5 9. Nd5 Bb7 10. c3 Be7 11. Bxf6 Bxf6 12. Qf3 Be7 13. Nc2 O-O 14. Nce3 Na5
15. Rd1 Rc8 16. Nxe7+ Qxe7 17. Nf5 Qc7 18. Be2 g6 19. Nxd6 f5 20. Nxc8 Bxe4 21.
Qh3 Qxc8 22. O-O Nc4 23. b3 Nb6 24. c4 bxc4 25. bxc4 Qc6 26. Rc1 f4 27. f3 Bf5
28. Qh4 Qc5+ 29. Qf2 Qc6 30. Rfd1 Kg7 31. Kh1 Nd7 32. Bd3 Nc5 33. Bxf5 Rxf5 34.
Rd5 Ne6 35. Qa7+ Rf7 36. Qb8 Nc7 37. Rxe5 Rd7 38. h3 Qd6 39. Qb2 Kh6 40. Qe2 a5
41. Re1 1-0

[Event "Bad Griesbach Senioren op 2011 14th"]
[Site "Bad Griesbach (4.12.-10.12)"]
[Date "2011.12.05"]
[Round "2.8"]
[White "Roesch, Alfred"]
[Black "Macura, Emil"]
[Result "0-1"]
[WhiteElo "1594"]
[BlackElo "2229"]
[PlyCount "100"]
[EventDate "2011.12.??"]
[EventType "swiss"]
[EventRounds "7"]
[EventCountry "GER"]
[WhiteTeam "München Schwabing SG"]
[BlackTeam "CZE/Zlinterm SK"]
[BlackTeamCountry "CZE"]

1. e4 e5 2. Nf3 Nc6 3. Be2 Nf6 4. d3 Be7 5. O-O O-O 6. Nc3 d6 7. h3 Bd7 8. b3
g6 9. Bh6 Re8 10. Nd5 Nxd5 11. exd5 Nd4 12. Be3 Nf5 13. Qd2 Nxe3 14. fxe3 f5
15. e4 Bf6 16. Rac1 Qe7 17. c4 b6 18. Rc2 a5 19. Nh2 Rf8 20. Bf3 Kh8 21. Qe2
Bg5 22. Kh1 Bf4 23. g4 Qh4 24. Qg2 Rg8 25. Be2 h5 26. Nf3 Qg3 27. Qxg3 Bxg3 28.
g5 fxe4 29. dxe4 Bxh3 30. Rg1 Bf4 31. Bf1 Be3 32. Bxh3 Bxg1 33. Nxg1 Rgf8 34.
Kg2 Rf4 35. Re2 a4 36. b4 a3 37. Bd7 Raf8 38. Nh3 Rf1 39. Bf5 Rb1 40. Bxg6 h4
41. Bh5 Rxb4 42. Nf2 Rxc4 43. Nd3 Rc3 44. Rd2 Kg7 45. Bd1 Kg6 46. Kh3 Rf4 47.
Kh2 Rxe4 48. Nf2 Ree3 49. Bc2+ Kg7 50. Nd1 Rh3+ 0-1

[Event "Bad Griesbach Senioren op 2011 14th"]
[Site "Bad Griesbach (4.12.-10.12)"]
[Date "2011.12.05"]
[Round "2.9"]
[White "Mahrla, Hans Dr"]
[Black "Huhn, Ulrich"]
[Result "0-1"]
[WhiteElo "1621"]
[BlackElo "1835"]
[PlyCount "144"]
[EventDate "2011.12.??"]
[EventType "swiss"]
[EventRounds "7"]
[EventCountry "GER"]
[WhiteTeam "Eichenau SC"]
[BlackTeam "Berlin Siemensstadt SF"]

1. e4 d5 2. exd5 Nf6 3. Bc4 Nxd5 4. Nc3 c6 5. d4 Bf5 6. a3 e6 7. Nxd5 cxd5 8.
Bd3 Bg6 9. Nf3 Nc6 10. c3 Bd6 11. b4 a6 12. Bg5 Qc7 13. Rc1 Bf4 14. Bxf4 Qxf4
15. O-O Rc8 16. g3 Qf6 17. Re1 Bxd3 18. Qxd3 Qg6 19. Qxg6 hxg6 20. Kg2 Ke7 21.
c4 Rhd8 22. cxd5 Rxd5 23. Rc3 Rcd8 24. Rc4 Nxd4 25. Rc7+ R8d7 26. Rxd7+ Rxd7
27. Nxd4 Rxd4 28. Re3 Kd6 29. Rc3 Kd7 30. Kf3 e5 31. Ke3 g5 32. h3 f5 33. f3
f4+ 34. gxf4 gxf4+ 35. Ke2 Rd6 36. Rc5 Ke6 37. Rc7 Rd7 38. Rc8 Kd5 39. Kd3 e4+
40. fxe4+ Ke5+ 41. Ke2 Kxe4 42. Re8+ Kf5 43. Rf8+ Kg5 44. Re8 Kh4 45. Kf3 Kg5
46. Ke4 Rf7 47. Re5+ Kh4 48. Kf3 g5 49. Re8 Rh7 50. Re5 Rc7 51. Re8 Rc3+ 52.
Kg2 f3+ 53. Kf2 Kxh3 54. Re5 Kh4 55. Re7 b5 56. Re4+ Kh5 57. Kg3 Rxa3 58. Re8
Rb3 59. Rh8+ Kg6 60. Ra8 Ra3 61. Rg8+ Kf6 62. Rf8+ Kg7 63. Rf5 Kg6 64. Rf8 Rb3
65. Ra8 Ra3 66. Rg8+ Kf6 67. Rf8+ Kg7 68. Rf5 Kg6 69. Rf8 Ra4 70. Rg8+ Kf7 71.
Ra8 g4 72. Rxa6 Rxa6 0-1

[Event "Bad Griesbach Senioren op 2011 14th"]
[Site "Bad Griesbach (4.12.-10.12)"]
[Date "2011.12.05"]
[Round "2.10"]
[White "Bilyavskyy, Borys"]
[Black "Schuster, Herbert"]
[Result "1/2-1/2"]
[WhiteElo "1757"]
[BlackElo "1744"]
[PlyCount "37"]
[EventDate "2011.12.??"]
[EventType "swiss"]
[EventRounds "7"]
[EventCountry "GER"]
[WhiteTeam "Ergolding FC"]
[BlackTeam "Landshut SK"]

1. d4 d5 2. c4 e6 3. Nf3 c6 4. e3 Nf6 5. Bd3 dxc4 6. Bxc4 Bb4+ 7. Bd2 Qa5 8.
O-O Ne4 9. Bxb4 Qxb4 10. Bb3 Nd7 11. a3 Qe7 12. Bc2 f5 13. Nc3 Nxc3 14. bxc3
O-O 15. Re1 e5 16. Bb3+ Kh8 17. Nxe5 Nxe5 18. dxe5 Qxe5 19. Qd4 1/2-1/2

[Event "Bad Griesbach Senioren op 2011 14th"]
[Site "Bad Griesbach (4.12.-10.12)"]
[Date "2011.12.05"]
[Round "2.11"]
[White "Zeiger, Frank"]
[Black "Klein, Reinhard"]
[Result "0-1"]
[WhiteElo "1475"]
[BlackElo "1759"]
[PlyCount "66"]
[EventDate "2011.12.??"]
[EventType "swiss"]
[EventRounds "7"]
[EventCountry "GER"]
[WhiteTeam "Spremberg FSV"]
[BlackTeam "München RTA SC"]

1. d4 Nf6 2. Nf3 e6 3. Bf4 Be7 4. e3 O-O 5. Bd3 d5 6. Nc3 Nh5 7. Ne2 Nd7 8. c3
c5 9. g4 Nxf4 10. Nxf4 cxd4 11. exd4 Bd6 12. Nh5 g6 13. Ng3 e5 14. dxe5 Bxe5
15. Qd2 Re8 16. O-O-O Qf6 17. Nxe5 Nxe5 18. Bb5 Rd8 19. h3 Be6 20. f4 Nc4 21.
Qd4 Qh4 22. Rd3 a6 23. Ba4 Rac8 24. Bc2 Nd6 25. Rf3 Nb5 26. Qe5 d4 27. Kb1 Rd5
28. Qe2 dxc3 29. Rd1 cxb2 30. Rxd5 Bxd5 31. Re3 Kf8 32. Bb3 Qf6 33. Re5 Nc3+
0-1

[Event "Bad Griesbach Senioren op 2011 14th"]
[Site "Bad Griesbach (4.12.-10.12)"]
[Date "2011.12.05"]
[Round "2.12"]
[White "Sierian, Peter"]
[Black "Strakos, Tomas"]
[Result "1/2-1/2"]
[WhiteElo "1746"]
[BlackElo "1763"]
[PlyCount "80"]
[EventDate "2011.12.??"]
[EventType "swiss"]
[EventRounds "7"]
[EventCountry "GER"]
[WhiteTeam "Aidenbach TSV"]
[BlackTeam "CZE/Praga Praha"]
[BlackTeamCountry "CZE"]

1. d4 Nf6 2. c4 g6 3. Nc3 d5 4. Bg5 Ne4 5. Nxe4 dxe4 6. Qa4+ Qd7 7. Qxd7+ Nxd7
8. e3 Bg7 9. O-O-O c5 10. d5 Ne5 11. Bf4 Bd7 12. Bxe5 Bxe5 13. f3 f5 14. fxe4
fxe4 15. g3 Rf8 16. Bh3 Rf2 17. Bxd7+ Kxd7 18. Nh3 Rxb2 19. Rd2 Rxd2 20. Kxd2
Rf8 21. Ke2 Rf6 22. Ng5 Ra6 23. Nxe4 Rxa2+ 24. Kd3 b6 25. h4 h6 26. g4 a5 27.
Rb1 Bc7 28. Nd2 a4 29. g5 h5 30. Rc1 Be5 31. Nf3 Bg7 32. e4 Ra3+ 33. Ke2 Kd6
34. Rb1 Rb3 35. Rxb3 axb3 36. Kd3 b2 37. Kc2 Bd4 38. Kb1 Bc3 39. Kc2 Bg7 40.
Kb1 Be5 1/2-1/2

[Event "Bad Griesbach Senioren op 2011 14th"]
[Site "Bad Griesbach (4.12.-10.12)"]
[Date "2011.12.05"]
[Round "2.13"]
[White "Lamprecht, Rudolf"]
[Black "Dallmeier, Gerhard"]
[Result "0-1"]
[WhiteElo "1818"]
[BlackElo "1582"]
[PlyCount "62"]
[EventDate "2011.12.??"]
[EventType "swiss"]
[EventRounds "7"]
[EventCountry "GER"]
[WhiteTeam "Höhenkirchen SV"]
[BlackTeam "Weißenfels Roland SK"]

1. e4 c5 2. Nc3 Nc6 3. f4 g6 4. Nf3 Bg7 5. Bb5 Nd4 6. a4 Nxb5 7. Nxb5 a6 8. Nc3
e6 9. O-O Ne7 10. d3 O-O 11. Bd2 Nc6 12. Qe1 d5 13. e5 Nb4 14. Rc1 b6 15. Nd1
a5 16. Ne3 Nc6 17. Ng4 h5 18. Ne3 Ba6 19. b3 Ne7 20. Kh1 Nf5 21. Nxf5 exf5 22.
e6 Re8 23. exf7+ Kxf7 24. Ne5+ Bxe5 25. fxe5 Re6 26. Qg3 d4 27. Bg5 Qd5 28. Bf6
Bb7 29. Rce1 Rae8 30. Re2 Rxf6 31. exf6 Rxe2 0-1

[Event "Bad Griesbach Senioren op 2011 14th"]
[Site "Bad Griesbach (4.12.-10.12)"]
[Date "2011.12.05"]
[Round "2.14"]
[White "Koenigl, Anton"]
[Black "Mlinar, Denis"]
[Result "1-0"]
[WhiteElo "1655"]
[BlackElo "1153"]
[PlyCount "105"]
[EventDate "2011.12.??"]
[EventType "swiss"]
[EventRounds "7"]
[EventCountry "GER"]
[WhiteTeam "Ergolding FC"]
[BlackTeam "AUT/ Salzburg-Süd SC"]
[BlackTeamCountry "AUT"]

1. e4 e5 2. Nf3 Nc6 3. d4 exd4 4. Bc4 Be7 5. c3 d6 6. cxd4 Bg4 7. Be3 Nf6 8.
Nc3 O-O 9. O-O a6 10. Be2 h6 11. Rc1 b5 12. Nxb5 axb5 13. Rxc6 Rxa2 14. Qc2 Ra7
15. Rc1 Ne8 16. Bxb5 Bd7 17. Ra6 Rb7 18. Bxd7 Qxd7 19. Rc6 Bd8 20. h3 Kh8 21.
Qc3 Nf6 22. Qc2 Re8 23. Nd2 Qe7 24. b3 Nxe4 25. Nc4 Nf6 26. Na5 Rb8 27. Ra6 Qe4
28. Qxe4 Nxe4 29. Nc6 Rxb3 30. Ra8 Rc3 31. Rxc3 Nxc3 32. Rxd8 Rg8 33. Rxg8+
Kxg8 34. Kf1 f6 35. Ke1 Kf7 36. Bd2 Nb5 37. Ke2 Ke6 38. Kd3 Kd5 39. Nb4+ Ke6
40. d5+ Ke5 41. f4+ Kf5 42. g4+ Kg6 43. Na6 f5 44. Ba5 fxg4 45. hxg4 h5 46.
gxh5+ Kxh5 47. Nxc7 Na7 48. Ne8 Nc8 49. Nxg7+ Kg6 50. Bc3 Ne7 51. Ke4 Nc8 52.
Nf5 Kf7 53. Bb4 1-0

[Event "Bad Griesbach Senioren op 2011 14th"]
[Site "Bad Griesbach (4.12.-10.12)"]
[Date "2011.12.05"]
[Round "2.15"]
[White "Laber, Dietrich"]
[Black "Post, Hermann Dr(35)"]
[Result "0-1"]
[WhiteElo "1573"]
[BlackElo "1532"]
[PlyCount "134"]
[EventDate "2011.12.??"]
[EventType "swiss"]
[EventRounds "7"]
[EventCountry "GER"]
[WhiteTeam "Steinsfurt Botvinnik SF"]
[BlackTeam "Rottal SC"]

1. e4 c5 2. Nf3 d6 3. d4 cxd4 4. Nxd4 Nf6 5. Nc3 Bd7 6. Be2 g6 7. Be3 Nc6 8. f4
Bg7 9. Qd2 a6 10. Bf3 Nxd4 11. Bxd4 Bc6 12. O-O-O O-O 13. g4 Qa5 14. a3 Rac8
15. Qe3 Nd7 16. Bxg7 Kxg7 17. Nd5 Bxd5 18. Rxd5 Qc7 19. Bd1 Nb6 20. Rd2 Nc4 21.
Qd4+ e5 22. Qf2 Nxd2 23. Qxd2 Qc5 24. f5 f6 25. h4 d5 26. h5 g5 27. Qxd5 Qxd5
28. exd5 Rc5 29. Bf3 Rfc8 30. Be4 Rc4 31. Re1 Rd8 32. Re3 b5 33. Kd2 Kf7 34. c3
Ke7 35. b3 Rc7 36. Rd3 Kd6 37. Ke3 Rdc8 38. Kd2 a5 39. Bf3 b4 40. axb4 axb4 41.
c4 Ra8 42. Ke3 Ra3 43. Bd1 Rc5 44. Ke4 Rca5 45. Bf3 Ra1 46. Bd1 Rb1 47. Rd2
Raa1 48. Bc2 Re1+ 49. Kf3 Rf1+ 50. Kg2 Rfc1 51. Bd3 Rd1 52. c5+ Kxd5 53. Bc4+
Kxc5 54. Rc2 Kd4 55. Bg8 Ke3 56. Bxh7 Rg1+ 57. Kh3 Rh1+ 58. Kg3 Rag1+ 59. Rg2
Rxg2+ 60. Kxg2 Rh4 61. Kg3 Kd4 62. Bg8 e4 63. Bc4 e3 64. Kf3 Rh2 65. Be2 Rf2+
66. Kg3 Rxe2 67. h6 Ra2 0-1

[Event "Bad Griesbach Senioren op 2011 14th"]
[Site "Bad Griesbach (4.12.-10.12)"]
[Date "2011.12.05"]
[Round "2.16"]
[White "Zorn, Guenter"]
[Black "Eglseder, Gottfried"]
[Result "0-1"]
[WhiteElo "1291"]
[BlackElo "1617"]
[PlyCount "78"]
[EventDate "2011.12.??"]
[EventType "swiss"]
[EventRounds "7"]
[EventCountry "GER"]
[WhiteTeam "Ergolding FC"]
[BlackTeam "Germering SK"]

1. d4 d5 2. c4 c6 3. Nf3 Nf6 4. Bg5 Nbd7 5. e3 Qa5+ 6. Nc3 Ne4 7. Qc2 Nxg5 8.
Nxg5 Nf6 9. Be2 dxc4 10. Nf3 b5 11. O-O e6 12. a3 Bb7 13. Ne5 Qc7 14. f4 Bd6
15. Bf3 a6 16. Ne4 Bxe5 17. fxe5 Nxe4 18. Qxe4 Rb8 19. Qf4 O-O 20. Rf2 c5 21.
Raf1 cxd4 22. exd4 Rbd8 23. Bh5 g6 24. Qg5 Rxd4 25. Bf3 Bxf3 26. Rxf3 Re4 27.
Re3 Qc5 28. Rfe1 Qd4 29. Kh1 Rxe3 30. Qxe3 Qxb2 31. h3 c3 32. Rc1 Rc8 33. Qg5
Qxa3 34. Rd1 Qf8 35. Qc1 b4 36. Rd6 a5 37. Ra6 Qc5 38. Qg5 c2 39. Rd6 c1=Q+ 0-1

[Event "Bad Griesbach Senioren op 2011 14th"]
[Site "Bad Griesbach (4.12.-10.12)"]
[Date "2011.12.05"]
[Round "2.17"]
[White "Alefs, Heinz"]
[Black "Jurgan, Brigitte"]
[Result "1-0"]
[WhiteElo "1645"]
[BlackElo "1239"]
[PlyCount "51"]
[EventDate "2011.12.??"]
[EventType "swiss"]
[EventRounds "7"]
[EventCountry "GER"]
[WhiteTeam "Eichenau SC"]
[BlackTeam "Bad Reichenhall SF"]

1. d4 d5 2. Nf3 Nf6 3. Bf4 g6 4. e3 a6 5. c4 c6 6. Nc3 Bg4 7. Be2 Bxf3 8. gxf3
Bg7 9. Qb3 Qd7 10. Na4 Ra7 11. Bxb8 b5 12. Nc5 bxc4 13. Qb6 Qc8 14. Qxa7 O-O
15. Nxa6 Qd7 16. Qxd7 Nxd7 17. Bg3 e6 18. b3 Nb6 19. Bc7 Na8 20. bxc4 dxc4 21.
Bxc4 Nxc7 22. Nxc7 Rb8 23. O-O Bf8 24. Rab1 Rc8 25. Nxe6 fxe6 26. Bxe6+ 1-0

[Event "Bad Griesbach Senioren op 2011 14th"]
[Site "Bad Griesbach (4.12.-10.12)"]
[Date "2011.12.05"]
[Round "2.18"]
[White "Ulmer, Heinz"]
[Black "Kammel, Rudolf"]
[Result "0-1"]
[WhiteElo "1649"]
[BlackElo "1626"]
[PlyCount "70"]
[EventDate "2011.12.??"]
[EventType "swiss"]
[EventRounds "7"]
[EventCountry "GER"]
[WhiteTeam "Adlkofen SC"]
[BlackTeam "Regensburg Bavaria SC"]

1. d4 Nf6 2. Nc3 d5 3. Nf3 Nbd7 4. h4 c6 5. h5 h6 6. Bf4 e6 7. Ne5 Bb4 8. f3
Qa5 9. Bd2 Qc7 10. Bf4 Bd6 11. Nxd7 Bxf4 12. Nxf6+ gxf6 13. Qd3 Bg3+ 14. Kd2 f5
15. Rd1 e5 16. dxe5 Qxe5 17. e3 f4 18. e4 d4 19. Kc1 Bf2 20. Kb1 Be6 21. Ne2
O-O-O 22. Qa3 Kb8 23. Nc1 Be3 24. Nd3 Qc7 25. Qb4 Ka8 26. b3 Rhg8 27. a4 Rg5
28. Kb2 c5 29. Qe1 c4 30. bxc4 Qxc4 31. Ra1 Rd6 32. Ra3 Rb6+ 33. Ka1 Qxc2 34.
Nb4 Rxb4 35. Qxb4 Qc1+ 0-1

[Event "Bad Griesbach Senioren op 2011 14th"]
[Site "Bad Griesbach (4.12.-10.12)"]
[Date "2011.12.06"]
[Round "3.1"]
[White "Pribyl, Josef"]
[Black "Leuschner, Guenter"]
[Result "1-0"]
[WhiteElo "2249"]
[BlackElo "1816"]
[PlyCount "35"]
[EventDate "2011.12.??"]
[EventType "swiss"]
[EventRounds "7"]
[EventCountry "GER"]
[WhiteTeam "Ludwigshafen Schachhaus"]
[BlackTeam "Nürnberg 1911 SK"]

1. e4 g6 2. d4 Bg7 3. Nc3 d6 4. f4 Nd7 5. Nf3 c5 6. d5 Nh6 7. Be2 a6 8. a4 O-O
9. O-O b6 10. Kh1 Kh8 11. Qe1 Bb7 12. Ng5 Nf6 13. Qh4 Bc8 14. Be3 Nfg8 15. f5
e6 16. dxe6 fxe6 17. fxg6 hxg6 18. Nf7+ 1-0

[Event "Bad Griesbach Senioren op 2011 14th"]
[Site "Bad Griesbach (4.12.-10.12)"]
[Date "2011.12.06"]
[Round "3.2"]
[White "Aigner, Georg"]
[Black "Johnsen, Gunnar"]
[Result "0-1"]
[WhiteElo "1858"]
[BlackElo "2137"]
[PlyCount "126"]
[EventDate "2011.12.??"]
[EventType "swiss"]
[EventRounds "7"]
[EventCountry "GER"]
[WhiteTeam "Dietfurt TSV"]
[BlackTeam "NOR/Tromsoe Sjakklubb"]
[BlackTeamCountry "NOR"]

1. e4 e6 2. d4 d5 3. exd5 exd5 4. Nf3 Bg4 5. h3 Bh5 6. Bb5+ c6 7. Qe2+ Qe7 8.
Qxe7+ Bxe7 9. Bd3 Bd6 10. Be3 Bxf3 11. gxf3 Ne7 12. Nd2 Nd7 13. O-O-O O-O-O 14.
Rde1 Rde8 15. c4 h6 16. cxd5 cxd5 17. Rhg1 g6 18. f4 Bb4 19. a3 Bxd2+ 20. Kxd2
Nf5 21. Rc1+ Kb8 22. Bb5 Re7 23. Rc3 Nd6 24. Bd3 Nf6 25. f3 Rhe8 26. Bf2 Nc4+
27. Bxc4 dxc4 28. Re3 Rxe3 29. Bxe3 Nd5 30. Bf2 b5 31. f5 g5 32. h4 f6 33. hxg5
hxg5 34. Rh1 Kb7 35. Rh7+ Re7 36. Rh6 a6 37. Rh8 Nf4 38. Be3 Nd5 39. Bf2 Rd7
40. Rf8 a5 41. Bg3 b4 42. axb4 axb4 43. Rb8+ Ka6 44. Rc8 Kb5 45. Rc5+ Ka4 46.
Rxc4 Kb3 47. Kd3 Kxb2 48. Be1 Kb3 49. Bd2 Rc7 50. Rc5 Rxc5 51. dxc5 Ka2 52. Kc4
b3 53. Bc1 Ne7 54. Kc3 Nxf5 55. c6 Ne7 56. c7 Nd5+ 57. Kd4 Nxc7 58. Ke4 b2 59.
Bxb2 Kxb2 60. Kf5 Ne8 61. Ke6 Kc3 62. Ke7 Kd4 63. Kxe8 Ke3 0-1

[Event "Bad Griesbach Senioren op 2011 14th"]
[Site "Bad Griesbach (4.12.-10.12)"]
[Date "2011.12.06"]
[Round "3.3"]
[White "Weinwurm, Wolfgang"]
[Black "Wawrinsky, Ludwig"]
[Result "1-0"]
[WhiteElo "2132"]
[BlackElo "1749"]
[PlyCount "43"]
[EventDate "2011.12.??"]
[EventType "swiss"]
[EventRounds "7"]
[EventCountry "GER"]
[WhiteTeam "Ternitz-Gloggnitz Spg."]
[BlackTeam "Neuperlach SK"]

1. e4 e6 2. d4 b6 3. Nf3 Bb7 4. Bd3 Nf6 5. e5 Nd5 6. a3 c5 7. O-O cxd4 8. Nxd4
Nc6 9. Nxc6 dxc6 10. c4 Nc7 11. Qe2 Be7 12. Rd1 Qc8 13. Nc3 a5 14. Qg4 g6 15.
Bg5 Bxg5 16. Qxg5 O-O 17. Ne4 Ne8 18. Bc2 Qc7 19. Nf6+ Nxf6 20. exf6 Kh8 21.
Qh6 Rg8 22. Rd3 1-0

[Event "Bad Griesbach Senioren op 2011 14th"]
[Site "Bad Griesbach (4.12.-10.12)"]
[Date "2011.12.06"]
[Round "3.4"]
[White "Klein, Reinhard"]
[Black "Kugelmann, Werner"]
[Result "0-1"]
[WhiteElo "1759"]
[BlackElo "2090"]
[PlyCount "84"]
[EventDate "2011.12.??"]
[EventType "swiss"]
[EventRounds "7"]
[EventCountry "GER"]
[WhiteTeam "München RTA SC"]
[BlackTeam "Wertingen TSV"]

1. d4 Nf6 2. Nf3 g6 3. c4 Bg7 4. Nc3 O-O 5. e4 d6 6. Be2 Nbd7 7. O-O e5 8. Bg5
h6 9. Be3 c6 10. h3 exd4 11. Nxd4 Re8 12. f3 d5 13. cxd5 cxd5 14. Qc2 dxe4 15.
fxe4 a6 16. Nb3 Qe7 17. Bf3 Ne5 18. Bc5 Qc7 19. Qe2 Be6 20. Nd5 Nxd5 21. exd5
Bf5 22. d6 Nxf3+ 23. Qxf3 Qd7 24. Rf2 Rac8 25. Raf1 b6 26. Bd4 Qxd6 27. Bxg7
Kxg7 28. g4 Be6 29. Qf6+ Kg8 30. Qh4 Bc4 31. Rd2 Qe5 32. Rfd1 Qe3+ 33. Qf2 Qxh3
34. Qf4 Be6 35. Rh2 Qxg4+ 36. Qxg4 Bxg4 37. Rd4 Re1+ 38. Kf2 Re2+ 39. Kg3 Rxh2
40. Kxh2 h5 41. Kg3 Rc2 42. Kf4 Kg7 0-1

[Event "Bad Griesbach Senioren op 2011 14th"]
[Site "Bad Griesbach (4.12.-10.12)"]
[Date "2011.12.06"]
[Round "3.5"]
[White "Macura, Emil"]
[Black "Slacik, Johann"]
[Result "1-0"]
[WhiteElo "2229"]
[BlackElo "1576"]
[PlyCount "73"]
[EventDate "2011.12.??"]
[EventType "swiss"]
[EventRounds "7"]
[EventCountry "GER"]
[WhiteTeam "CZE/Zlinterm SK"]
[BlackTeam "AUT/Westbahn Linz ESV"]
[WhiteTeamCountry "CZE"]
[BlackTeamCountry "AUT"]

1. d4 d5 2. c4 e6 3. Nc3 c6 4. e3 Nf6 5. Nf3 Nbd7 6. Bd3 g6 7. O-O Bg7 8. Qe2
O-O 9. b3 Re8 10. Ne5 Qc7 11. f4 c5 12. Qf3 dxc4 13. bxc4 a6 14. Rb1 Ra7 15.
Bd2 Qd6 16. Ne2 b6 17. Bc3 Bb7 18. Qh3 Ne4 19. Bxe4 Bxe4 20. Rbd1 b5 21. dxc5
Qe7 22. Nxd7 Rxd7 23. Bxg7 Kxg7 24. cxb5 axb5 25. Nd4 Ra8 26. Rd2 Rc7 27. c6 f5
28. Rc1 Bd5 29. Qg3 b4 30. Qe1 Rxa2 31. Rxa2 Bxa2 32. Nb5 Rc8 33. Qd2 Bd5 34.
Qd4+ Kh6 35. c7 b3 36. h3 Qd7 37. g4 1-0

[Event "Bad Griesbach Senioren op 2011 14th"]
[Site "Bad Griesbach (4.12.-10.12)"]
[Date "2011.12.06"]
[Round "3.6"]
[White "Huhn, Ulrich"]
[Black "Dallmeier, Gerhard"]
[Result "1-0"]
[WhiteElo "1835"]
[BlackElo "1582"]
[PlyCount "39"]
[EventDate "2011.12.??"]
[EventType "swiss"]
[EventRounds "7"]
[EventCountry "GER"]
[WhiteTeam "Berlin Siemensstadt SF"]
[BlackTeam "Weißenfels Roland SK"]

1. d4 Nf6 2. Nc3 d6 3. Bg5 Nbd7 4. e4 c6 5. Nf3 h6 6. Bh4 e5 7. dxe5 dxe5 8.
Bc4 Be7 9. Bb3 O-O 10. O-O Nxe4 11. Bxe7 Nxc3 12. Bxd8 Nxd1 13. Raxd1 Rxd8 14.
Nxe5 Kh7 15. Bxf7 Nxe5 16. Rxd8 Nxf7 17. Rf8 Kg6 18. Re1 b6 19. Re7 Bb7 20.
Rfxf7 1-0

[Event "Bad Griesbach Senioren op 2011 14th"]
[Site "Bad Griesbach (4.12.-10.12)"]
[Date "2011.12.06"]
[Round "3.7"]
[White "Kammel, Rudolf"]
[Black "Bilyavskyy, Borys"]
[Result "1-0"]
[WhiteElo "1626"]
[BlackElo "1757"]
[PlyCount "53"]
[EventDate "2011.12.??"]
[EventType "swiss"]
[EventRounds "7"]
[EventCountry "GER"]
[WhiteTeam "Regensburg Bavaria SC"]
[BlackTeam "Ergolding FC"]

1. e4 d6 2. d4 Nf6 3. Nc3 g6 4. Bc4 Bg7 5. Qe2 Nc6 6. e5 dxe5 7. dxe5 Ng4 8. e6
Nge5 9. exf7+ Nxf7 10. Be3 Qd6 11. Nb5 Qb4+ 12. c3 Qa5 13. Nf3 a6 14. b4 Nxb4
15. Bxf7+ Kxf7 16. Ng5+ Ke8 17. Nd4 Nd5 18. O-O Bd7 19. Nb3 h6 20. Nxa5 hxg5
21. Bxg5 b6 22. Rad1 Nf6 23. Rxd7 Kxd7 24. Rd1+ Ke8 25. Nc6 Ng8 26. Bxe7 Kf7
27. Rd7 1-0

[Event "Bad Griesbach Senioren op 2011 14th"]
[Site "Bad Griesbach (4.12.-10.12)"]
[Date "2011.12.06"]
[Round "3.8"]
[White "Bock, Ortwin"]
[Black "Alefs, Heinz"]
[Result "1-0"]
[WhiteElo "1846"]
[BlackElo "1645"]
[PlyCount "43"]
[EventDate "2011.12.??"]
[EventType "swiss"]
[EventRounds "7"]
[EventCountry "GER"]
[WhiteTeam "Landshut SK"]
[BlackTeam "Eichenau SC"]

1. e4 g6 2. d4 d6 3. f4 Nf6 4. Nc3 Bg7 5. Nf3 O-O 6. e5 dxe5 7. fxe5 Nd5 8. Bd3
Bg4 9. O-O Nxc3 10. bxc3 c5 11. Rb1 Qc7 12. Qe1 Nc6 13. Be3 Rad8 14. Qh4 Bxf3
15. Rxf3 cxd4 16. cxd4 f5 17. Bc4+ Kh8 18. Rh3 h5 19. Qg5 Nxe5 20. Rxh5+ gxh5
21. Qxh5+ Bh6 22. Qxh6# 1-0

[Event "Bad Griesbach Senioren op 2011 14th"]
[Site "Bad Griesbach (4.12.-10.12)"]
[Date "2011.12.06"]
[Round "3.9"]
[White "Schuster, Herbert"]
[Black "Boldt, Heinrich"]
[Result "1/2-1/2"]
[WhiteElo "1744"]
[BlackElo "1751"]
[PlyCount "63"]
[EventDate "2011.12.??"]
[EventType "swiss"]
[EventRounds "7"]
[EventCountry "GER"]
[WhiteTeam "Landshut SK"]
[BlackTeam "Kareth-Lappersdorf TSV"]

1. d4 d5 2. Nf3 Nf6 3. e3 Bg4 4. Be2 e6 5. Nbd2 Be7 6. Ne5 Bf5 7. h3 Nbd7 8.
O-O Nxe5 9. dxe5 Nd7 10. g4 Bg6 11. f4 f5 12. g5 c5 13. c4 Nb6 14. h4 Qc7 15.
b3 O-O-O 16. Qc2 h6 17. h5 Be8 18. g6 Bc6 19. Bf3 Rd7 20. Bb2 Rhd8 21. cxd5
Bxd5 22. Rac1 Kb8 23. Ba3 Rc8 24. Rfd1 Bxf3 25. Nxf3 Nd5 26. Kf2 Qb6 27. Qc4
Qa5 28. Bb2 b5 29. Qe2 a6 30. a3 Rdc7 31. Rc2 Qb6 32. Kg3 1/2-1/2